| 000 | 00884nam a2200277 a 4500 | ||
|---|---|---|---|
| 001 | 24996 | ||
| 003 | BD-RjUL | ||
| 005 | 20211209050820.0 | ||
| 008 | 960524m1997 nyua b 001 0 eng d | ||
| 020 | _a1563249065 (alk. paper) | ||
| 020 | _a0765600366 (pbk.) (v.2) | ||
| 035 | _a(BD-RjUL)25065 | ||
| 040 |
_aQGU _beng _dQGU _cLC _dTOC _dBD-RjUL |
||
| 041 | _aeng | ||
| 082 | 0 | 0 |
_a952 _220 _bLUJ V-2 1997 |
| 100 | 1 |
_aLu, David John, _d1928- _976888 |
|
| 245 | 0 | 0 |
_aJapan : _ba documentary history / _cby David J. Lu. |
| 260 |
_aArmonk, NY : _bM.E. Sharpe, _cc1997. |
||
| 300 |
_axv, 273-618 p. [XLVI] : _bill. ; _c23 cm. |
||
| 504 | _aIncludes bibliographical references and index. | ||
| 505 | _aVol. 1 , Vol, 1 The dawn of history to the late tokugawa period | ||
| 651 | 0 |
_aJapan _xHistory. _976889 |
|
| 942 |
_2ddc _cBK |
||
| 999 |
_c24996 _d24996 |
||